Numb - Linkin Park - All Lyrics - Statistics

General Stats
  • This quiz has been taken 976 times
  • The average score is 250 of 293
Answer Stats
Answer % Correct
I
100%
be
98%
so
98%
you
98%
numb,
97%
the
97%
become
96%
Become
96%
can
96%
feel
96%
to
96%
me
95%
me?
95%
and
92%
And
92%
do
92%
I've
92%
more
92%
want
92%
like
91%
can't
90%
Can't
90%
in
90%
is
90%
there
90%
less
89%
much
89%
of
88%
your
87%
I'm
86%
tired
86%
tired,
86%
under
86%
what
86%
all
84%
know
84%
that
84%
you're
80%
don't
79%
just
79%
this,
79%
take
78%
becoming
77%
Every
77%
every
77%
being
76%
Feeling
76%
see
76%
surface
76%
shoes
75%
another
74%
aware
74%
step
74%
expecting
73%
mistake
73%
pressure
71%
walking
71%
too
68%
(Caught
67%
caught
67%
faithless,
66%
than
66%
undertow,
66%
undertow)
66%
lost
65%
But
62%
control
61%
lose
61%
were
61%
smothering
59%
afraid
58%
disappointed
58%
someone
58%
second
56%
end
55%
front
55%
right
55%
with
55%
Holding
54%
would
53%
fallen
52%
thought
50%
up
50%
apart,
49%
'Cause
49%
waste
49%
everything
48%
tightly,
48%
may
47%
failing,
45%
has
45%
Put
45%
No matching quizzes found
Score Distribution
Percent of People with Each Score
Percentile by Number Answered
Your Score History
You have not taken this quiz